000 00742nam a2200289Ia 4500
005 20260324150005.0
008 008 260324s9999 xx 000 0 eng d
020 _a9780429047299
037 _aEBOOK
040 _aCRL
040 _beng
040 _cCRL
041 _2eng
041 _aeng
084 _qCRL
100 _aWerner J Feld
_91224889
245 0 _aDomestic Political Realities and European Unification
245 2 _bA Study of Pass Publics and Elites in the European Community Countries
260 _bTaylor and Francis
260 _c1976
365 _a
365 _b230
856 _uhttp://www.taylorfrancis.com/books/9780429047299
942 _cEBOOK
999 _c1833591
_d1833591